| 000 | 004560000a22001930004500 | ||
|---|---|---|---|
| 001 | 003238 | ||
| 003 | MACL | ||
| 005 | 20151205135407.0 | ||
| 008 | 151205b xxu||||| |||| 00| 0 eng d | ||
| 040 |
_aMACL _cMACL |
||
| 041 | _aEnglish | ||
| 082 | _a742 | ||
| 100 |
_aPatel, Mickey _919305 |
||
| 245 |
_aSnake Trouble _cMickey Patel |
||
| 260 |
_aNational Book Trust, _c2003 |
||
| 350 | _a11 | ||
| 650 |
_aChildren's Book _919306 |
||
| 942 |
_k742 _cBK _2ddc |
||
| 999 |
_c15144 _d15144 |
||